000 00387nam a2200181Ia 4500
005 20240823040529.0
008 240823s9999||||xx |||||||||||||| ||und||
041 _aTAMIL
082 _A327.17 Q3
100 _aMuthukumar R
245 0 _aKachchatheevu
250 _a1st
260 _c2013
_bSixth
500 _aYES
650 _aGeneral
_bGeneral
942 _cBK
999 _c203331
_d203331